00254nam a22000977a 4500008004100000082001100041100001900052245004500071260003100116300000900147260429b |||||||| |||| 00| 0 eng d a001369 aGore, Makarand aAntomy abd Physiology of Yogic Practices aDelhibNew Age Booksc2017 a243p